<?xml version="1.0" encoding="UTF-8"?>
<record
    xmlns:xsi="http://www.w3.org/2001/XMLSchema-instance"
    xsi:schemaLocation="http://www.loc.gov/MARC21/slim http://www.loc.gov/standards/marcxml/schema/MARC21slim.xsd"
    xmlns="http://www.loc.gov/MARC21/slim">

  <leader>00962njm a22001937a 4500</leader>
  <controlfield tag="005">20220812175843.0</controlfield>
  <controlfield tag="008">160506b        xxu||||| |||| 00| 0 spa d</controlfield>
  <datafield tag="041" ind1=" " ind2=" ">
    <subfield code="a">spa</subfield>
  </datafield>
  <datafield tag="100" ind1=" " ind2=" ">
    <subfield code="a">Prieto, Emilia</subfield>
    <subfield code="9">56246</subfield>
  </datafield>
  <datafield tag="100" ind1=" " ind2=" ">
    <subfield code="a">Alfag&#xFC;el, Mario</subfield>
    <subfield code="9">56247</subfield>
  </datafield>
  <datafield tag="245" ind1=" " ind2=" ">
    <subfield code="a">M&#xFA;sica po&#xE9;tica y tradicional de Costa Rica</subfield>
  </datafield>
  <datafield tag="260" ind1=" " ind2=" ">
    <subfield code="a">Costa Rica</subfield>
  </datafield>
  <datafield tag="505" ind1=" " ind2=" ">
    <subfield code="a">Contiene:
1. Fiesta de boda
2. El puente de cupidlo
3. El soldadito
4. Era una tarde
5. Los pretendientes
6. Canci&#xF3;n po&#xE9;tica y popular para Mario Jos&#xE9; 
7. Patricia Peralta 
8. Vida fugaz
9. El proscrito
10. Ofertorio
11. Tatica y mamita
12. Despedida
13. Canci&#xF3;n po&#xE9;tica y popular para Mario Jos&#xE9;
14. Las estrellas
15. En noche l&#xF3;brega
16. La calandria
17. Hija de la malva
18. Di&#xE1;logo guerrero m&#xED;stico
19. Agnus Dei</subfield>
  </datafield>
  <datafield tag="650" ind1=" " ind2=" ">
    <subfield code="a">COSTA RICA</subfield>
    <subfield code="9">64204</subfield>
  </datafield>
  <datafield tag="650" ind1=" " ind2=" ">
    <subfield code="a">M&#xDA;SICA POPULAR</subfield>
    <subfield code="9">7685</subfield>
  </datafield>
  <datafield tag="650" ind1=" " ind2=" ">
    <subfield code="a">M&#xDA;SICA COSTARRICENSE</subfield>
    <subfield code="9">64205</subfield>
  </datafield>
  <datafield tag="650" ind1=" " ind2=" ">
    <subfield code="a">M&#xDA;SICA TRADICIONAL</subfield>
    <subfield code="9">7746</subfield>
  </datafield>
  <datafield tag="942" ind1=" " ind2=" ">
    <subfield code="c">MU</subfield>
  </datafield>
  <datafield tag="999" ind1=" " ind2=" ">
    <subfield code="c">12381</subfield>
    <subfield code="d">12381</subfield>
  </datafield>
  <datafield tag="952" ind1=" " ind2=" ">
    <subfield code="0">0</subfield>
    <subfield code="1">0</subfield>
    <subfield code="4">0</subfield>
    <subfield code="7">0</subfield>
    <subfield code="a">BACB</subfield>
    <subfield code="b">BACB</subfield>
    <subfield code="d">2019-10-02</subfield>
    <subfield code="l">0</subfield>
    <subfield code="o">239 DC</subfield>
    <subfield code="p">239DC</subfield>
    <subfield code="r">2019-10-02 00:00:00</subfield>
    <subfield code="w">2019-10-02</subfield>
    <subfield code="y">MU</subfield>
  </datafield>
</record>
